Le droit du travail en Afrique francophone

Spremljeno u:
Bibliografski detalji
Glavni autor: Lemesle, Raymond
Format: Knjiga
Jezik:Undetermined
Izdano: Paris EDICEF/AUPELF 1989
Teme:
Oznake: Dodaj oznaku
Bez oznaka, Budi prvi tko označuje ovaj zapis!
Thư viện lưu trữ: Trung tâm Học liệu Trường Đại học Cần Thơ
LEADER 00512nam a2200193Ia 4500
001 CTU_73001
008 210402s9999 xx 000 0 und d
082 |a 344.601 
082 |b L551 
100 |a Lemesle, Raymond 
245 0 |a Le droit du travail en Afrique francophone 
245 0 |c Raymond Lemesle 
260 |a Paris 
260 |b EDICEF/AUPELF 
260 |c 1989 
650 |a Labor law and legislation 
650 |z Africa 
904 |i Minh 
980 |a Trung tâm Học liệu Trường Đại học Cần Thơ